|
|
|
|
| LEADER |
00000cam a2200000 7i4500 |
| 001 |
0000013564 |
| 005 |
20090608.0 |
| 008 |
170108 |
| 020 |
|
|
|a 9833128688
|
| 090 |
0 |
0 |
|a 297.216
|b ABD
|
| 100 |
1 |
|
|a Abdur Rahman Syukur
|
| 245 |
0 |
0 |
|a 20 cara syaitan menggoda manusia
|c Abdur Rahman Syukur
|
| 260 |
|
|
|a Kuala Lumpur :
|b Jasmin Enterprise ,
|c 2005
|
| 440 |
|
|
|a Penjana kemantapan rohani dan intelektual
|
| 650 |
|
0 |
|a Devil
|x Islam
|
| 999 |
|
|
|a 0001007688
|b Book
|c Adult Collection
|e Cawangan AEON Kulaijaya
|
| 999 |
|
|
|a 0001007689
|b Book
|c Adult Collection
|e Perbadanan Perpustakaan Awam Johor
|
| 999 |
|
|
|a 0001008816
|b Book
|c Adult Collection
|e Perbadanan Perpustakaan Awam Johor
|
| 999 |
|
|
|a 0001008817
|b Book
|c Adult Collection
|e Perbadanan Perpustakaan Awam Johor
|
| 999 |
|
|
|a 0001008818
|b Book
|c Adult Collection
|e Cawangan Mersing
|
| 999 |
|
|
|a 1007688
|b Book
|c Adult Collection
|e Cawangan Pontian
|